000 00640nam a2200205 a 4500
001 000025187
003 DO-SdBNP
005 20251204073702.0
008 110211s2004 dr 000 0 spa d
040 _aDO-SdBNP
_bspa
_cBNPHU
049 _aBNPD
082 _a353.4
_bR744
100 1 _aRoldán, Leila
_951667
245 1 3 _aLa justicia dominicana 1997-2001 /
_cLeila Roldán.
260 _aSanto Domingo :
_bCentro de Altos Estudios Jurídicos y Sociales,
_c[200?].
300 _a165 p. ;
_c23 cm.
500 _aIncluye índice onomástico
650 0 _aAdministración de justicia
_zRepública Dominicana
_910083
942 _2ddc
_cLBS1
999 _c24680
_d24680